Criterion-related validity of composite scores based on the highest (or smallest) observations (Record no. 65232)

MARC details
000 -CABECERA
campo de control de longitud fija 00671nam a2200217 a 4500
005 - FECHA Y HORA DE LA ÚLTIMA TRANSACCIÓN
campo de control 20210219152955.0
008 - ELEMENTOS DE LONGITUD FIJA--INFORMACIÓN GENERAL
campo de control de longitud fija 991125n 000 0 eng u
035 ## - NÚMERO DE CONTROL DEL SISTEMA
Número de control de sistema UPN01000070129
100 ## - ASIENTO PRINCIPAL--NOMBRE PERSONAL
Nombre de persona Huynh, Huynh
222 ## - TÍTULO CLAVE
Título clave EDUCATIONAL AND PSYCHOLOGICAL MEASUREMENT
245 ## - MENCIÓN DE TÍTULO
Título Criterion-related validity of composite scores based on the highest (or smallest) observations
300 ## - DESCRIPCIÓN FÍSICA
Extensión 555-560
362 ## - FECHAS DE PUBLICACIÓN Y/O DESIGNACIÓN SECUENCIAL
Fecha de publicación y/o designación secuencial 1990 50, no. 3
653 0# - TERMINO DE INDIZACION - NO CONTROLADO
Término no controlado ANALISIS MULTIVARIADO
653 0# - TERMINO DE INDIZACION - NO CONTROLADO
Término no controlado ECUACIONES (MATEMATICAS)
653 0# - TERMINO DE INDIZACION - NO CONTROLADO
Término no controlado MODELOS MATEMATICOS
653 0# - TERMINO DE INDIZACION - NO CONTROLADO
Término no controlado PRUEBAS REFERENTES AL CRITERIO
653 0# - TERMINO DE INDIZACION - NO CONTROLADO
Término no controlado VALIDEZ CONCURRENTE
904 ## - ELEMENTOS DE DATOS D LOCAL, LDD (RLIN)
a AC
b 007940
905 ## - TIPO DE MATERIAL
Tipo de material Articulo

No items available.